| 000 | 00959nam a2200337 4500 | ||
|---|---|---|---|
| 999 |
_c9095 _d9095 |
||
| 001 | 9095 | ||
| 003 | BD - JhCC | ||
| 005 | 20180527125931.0 | ||
| 008 | 850618s1986 maua 001 0 eng | ||
| 020 | _a039535725X (pbk.) | ||
| 035 |
_aMITb10249629 _a(BD - JhCC)9095 |
||
| 035 | _a(OCoLC)13109235 | ||
| 035 | _aGLIS00249629 | ||
| 040 |
_aDLC _cDLC _dMYG _dBD - JhCC |
||
| 041 | _aeng | ||
| 050 | 0 |
_aLB2369 _b.C3 1986 |
|
| 082 |
_bOCO 1986 _a808 |
||
| 099 | _aLB2369.C3 1986 | ||
| 100 | 1 |
_aO'Connor William Van _d1902- |
|
| 245 | 1 | 0 |
_a Modern Prose Form and style / _cWilliam Van O'Connor. |
| 250 | _a7th ed. | ||
| 260 |
_aBoston : _bHoughton Mifflin, _cc1986. |
||
| 300 |
_axii, 226 p. : _bill. ; _c29 cm. |
||
| 500 | _aIncludes indexes. | ||
| 650 | 0 | _aReport writing. | |
| 650 | 0 | _aDissertations, Academic. | |
| 650 | 0 | _aAbstracting. | |
| 942 |
_2ddc _cBK |
||
| 949 |
_aMYGQ _b39080003360416 |
||